000 00346nam a22001457a 4500
005 20180412144031.0
008 160624b xxu||||| |||| 00| 0 eng d
041 _aeng
082 _b9753
_a348
245 _aThe Payment of Wages Act-1936
260 _bCommercial Law Publication
_c2009
300 _a38
650 _aManagement
_9241
942 _cBK
999 _c3790
_d3789